000 00799nam1a2200265 i 4500
001 RU\NLR\BIBL_A\010022705
005 20241225195506.0
010 _a9785912930799
021 _aRU
_b2013-33753
_92314
035 _a(NLR Aleph) 010022705
090 _a9909553
_c9909553
100 _a20130531g20139999u||y0rusy50 ca
101 0 _arus
102 _aRU
105 _a||||z||||||||
200 1 _aСвет и тени судьбы
_eавтобиографическая повесть
210 _aМосква
_cАКПРЕСС
_d2013
215 _d22
686 2 _aШ6(2=Р)8-443авт.
700 1 _aФедоров
_bА. У.
_gАлександр Устинович
_4070
852 _aNLR
_j2013-5/4070
942 _cBOOK
980 _aNBR